00421nam a2200121Ia 4500001000800000005001700008008004100025020001800066245008400084260002200168999002100190952008800211125922520260417140307.0260417s9999 xx 000 0 und d a9786257432368 0aBir Müslüman Kadın Sorunu ve Feminizm’e Nasıl Bakmalı?cAyşe Güç bBeyan Yayınları c1259225d1259225 00104070a1112b1112d2026-04-17l0p1112143r2026-04-17 14:03:07w2026-04-17yBK